[Event "20. Abierto de la Constitucion 2018"]
[Site "S. S. de los Reyes ESP"]
[Date "2018.12.07"]
[Round "7.4"]
[White "Gomez Logrosan, Cristian"]
[Black "Quevedo Marin, Manuel"]
[Result "0-1"]
[WhiteElo "1790"]
[BlackElo "2199"]
[PlyCount "72"]
[EventDate "2018.12.01"]
[EventType "swiss"]
[EventRounds "9"]
[EventCountry "ESP"]
[SourceTitle "Ajedrez en Madrid"]
[Source "lmi"]
[SourceDate "2018.12.01"]

1. d4 Nf6 2. Nc3 d5 3. Bg5 c5 4. e3 Nc6 5. Nf3 Bg4 6. Bxf6 gxf6 7. Be2 e6 8.
Qd2 Rc8 9. a3 f5 10. h3 Bxf3 11. gxf3 cxd4 12. exd4 Qh4 13. Bb5 Bh6 14. Qd3 O-O
15. Bxc6 Rxc6 16. Nd1 Kh8 17. c3 a6 18. Ne3 Rg8 19. Qe2 Rcc8 20. Kd1 b5 21. Kc2
Qxd4 22. Rhg1 Qf4 23. Rxg8+ Rxg8 24. Nf1 Qa4+ 25. b3 Qh4 26. Ng3 Rc8 27. Rd1
Bg7 28. Rd3 b4 29. axb4 Qxb4 30. Qd2 Qa3 31. Ne2 Qa2+ 32. Kd1 Qxb3+ 33. Ke1 Qc4
34. Nd4 a5 35. Qe2 a4 36. Rd2 Qxc3 0-1

[Event "20. Abierto de la Constitucion 2018"]
[Site "S. S. de los Reyes ESP"]
[Date "2018.12.07"]
[Round "7.5"]
[White "Alfaya Marcelo, Roberto"]
[Black "Vaquerizo Calvo, Miguel Arturo"]
[Result "0-1"]
[WhiteElo "2166"]
[BlackElo "1944"]
[PlyCount "176"]
[EventDate "2018.12.01"]
[EventType "swiss"]
[EventRounds "9"]
[EventCountry "ESP"]
[SourceTitle "Ajedrez en Madrid"]
[Source "lmi"]
[SourceDate "2018.12.01"]

1. c4 Nf6 2. Nc3 g6 3. e4 d6 4. d4 Bg7 5. h3 O-O 6. Be3 e5 7. d5 Na6 8. Nf3 Nc5
9. Qc2 a5 10. Be2 Nh5 11. g3 f5 12. Bxc5 dxc5 13. Nd2 Nf6 14. h4 Ng4 15. Bxg4
fxg4 16. h5 Ra6 17. Nb3 Raf6 18. Rh2 b6 19. hxg6 hxg6 20. Nc1 Rf3 21. Nd3 Ba6
22. b3 a4 23. Nxa4 c6 24. O-O-O cxd5 25. cxd5 Qd6 26. Kb1 Rc8 27. Nab2 b5 28.
b4 c4 29. Nc5 Ra8 30. Rdh1 Bc8 31. a4 Qb6 32. Rd1 c3 33. Nbd3 bxa4 34. Qxc3 Ba6
35. Ka2 Rc8 36. Qb2 Bc4+ 37. Kb1 a3 38. Qxa3 Rxc5 39. Qa8+ Kf7 40. Nb2 Rc7 41.
d6 Ra7 42. Qc8 Ba2+ 43. Kc1 Be6 44. Qc5 Qxc5+ 45. bxc5 Rc3+ 46. Kd2 Rxc5 47.
Ke3 Rc3+ 48. Rd3 Rxd3+ 49. Nxd3 Rd7 50. Nc5 Rxd6 51. Nxe6 Kxe6 52. Rh4 Ra6 53.
Rxg4 Ra3+ 54. Ke2 Kf6 55. f4 exf4 56. gxf4 Bh6 57. Kf2 Rh3 58. Rg3 Rh4 59. f5
g5 60. Ra3 Rxe4 61. Ra6+ Kg7 62. Rg6+ Kh7 63. Kg3 Rf4 64. Rf6 Bg7 65. Ra6 Rxf5
66. Kg4 Rd5 67. Kh5 Bd4 68. Rc6 Be3 69. Rc7+ Kg8 70. Kg6 Rd6+ 71. Kf5 Bf4 72.
Ra7 Kf8 73. Rh7 Ke8 74. Ra7 Rd7 75. Ra4 Ke7 76. Ra6 Rd5+ 77. Ke4 Rd6 78. Ra8
Kf6 79. Rf8+ Kg6 80. Rh8 Re6+ 81. Kf3 Re3+ 82. Kf2 Kf5 83. Ra8 Kg4 84. Ra2 Rh3
85. Kg1 Rd3 86. Ra4 Kf3 87. Ra1 Rc3 88. Rf1+ Kg3 0-1

[Event "20. Abierto de la Constitucion 2018"]
[Site "S. S. de los Reyes ESP"]
[Date "2018.12.07"]
[Round "7.6"]
[White "Lozano Suarez, Luis Miguel"]
[Black "Paarup, Torsten"]
[Result "1-0"]
[WhiteElo "2135"]
[BlackElo "1989"]
[PlyCount "109"]
[EventDate "2018.12.01"]
[EventType "swiss"]
[EventRounds "9"]
[EventCountry "ESP"]
[SourceTitle "Ajedrez en Madrid"]
[Source "lmi"]
[SourceDate "2018.12.01"]

1. c4 e6 2. g3 d5 3. Bg2 Nf6 4. Nf3 dxc4 5. Na3 Bxa3 6. bxa3 Nbd7 7. Qa4 O-O 8.
Qxc4 c5 9. O-O e5 10. Bb2 Qe7 11. Qc2 Rb8 12. e3 b6 13. d4 e4 14. Ne5 Bb7 15.
Rad1 Rfd8 16. Qa4 Qe6 17. Qxa7 c4 18. Qa4 b5 19. Qxb5 Bd5 20. Qa5 Qb6 21. Bc3
Qxa5 22. Bxa5 Re8 23. Rc1 Ra8 24. Nxd7 Rxa5 25. Nb6 Rxa3 26. Nxd5 Nxd5 27. Rxc4
Nf6 28. Rc2 Rea8 29. Rfc1 Kf8 30. Rc8+ Rxc8 31. Rxc8+ Ke7 32. Rc5 Rxa2 33. Bxe4
Ng4 34. Rc2 Ra3 35. Bf3 Nf6 36. Kg2 g5 37. h3 Ne8 38. Bd5 f5 39. Rc6 f4 40.
exf4 gxf4 41. Re6+ Kd7 42. Rh6 fxg3 43. fxg3 Nc7 44. Bc6+ Ke7 45. Rxh7+ Kd6 46.
Rh6+ Ke7 47. d5 Rd3 48. Rh7+ Kd8 49. Rh8+ Ke7 50. Rh7+ Kd8 51. Rd7+ Kc8 52. Rf7
Kd8 53. h4 Na6 54. Bb5 Rd2+ 55. Rf2 1-0

[Event "20. Abierto de la Constitucion 2018"]
[Site "S. S. de los Reyes ESP"]
[Date "2018.12.07"]
[Round "7.7"]
[White "Lopez-Andujar Ocana, Antonio"]
[Black "Hernandez Ramos, Alberto"]
[Result "1-0"]
[WhiteElo "2100"]
[BlackElo "1917"]
[PlyCount "45"]
[EventDate "2018.12.01"]
[EventType "swiss"]
[EventRounds "9"]
[EventCountry "ESP"]
[SourceTitle "Ajedrez en Madrid"]
[Source "lmi"]
[SourceDate "2018.12.01"]

1. c4 c6 2. e4 d5 3. exd5 cxd5 4. d4 Nc6 5. cxd5 Qxd5 6. Nf3 Bg4 7. Be2 e6 8.
Nc3 Bb4 9. O-O Qd7 10. d5 exd5 11. Nxd5 Bd6 12. Bg5 h6 13. Bh4 Be6 14. Bc4 Na5
15. Qd4 Nxc4 16. Qxg7 f6 17. Nxf6+ Nxf6 18. Qxh8+ Ng8 19. Rfe1 Qf7 20. b3 Bf8
21. Rxe6+ Kd7 22. Qd4+ Bd6 23. Rxd6+ 1-0

[Event "20. Abierto de la Constitucion 2018"]
[Site "S. S. de los Reyes ESP"]
[Date "2018.12.07"]
[Round "7.8"]
[White "Pindado Campos, Raul"]
[Black "Largo Barbero, Benito"]
[Result "1-0"]
[WhiteElo "2065"]
[BlackElo "1866"]
[PlyCount "121"]
[EventDate "2018.12.01"]
[EventType "swiss"]
[EventRounds "9"]
[EventCountry "ESP"]
[SourceTitle "Ajedrez en Madrid"]
[Source "lmi"]
[SourceDate "2018.12.01"]

1. c4 g6 2. g3 Bg7 3. Bg2 d6 4. Nc3 e5 5. e4 Nc6 6. Nge2 Be6 7. d3 Qd7 8. Nd5
Nce7 9. h3 c6 10. Ndc3 f5 11. Be3 Nh6 12. Qd2 Nf7 13. f4 h6 14. Rd1 c5 15. Nd5
Rc8 16. b4 b6 17. Nxe7 Qxe7 18. O-O O-O 19. Kh2 Rcd8 20. a3 Kh7 21. Qc1 Rd7 22.
Rf2 Nd8 23. Rdf1 Rf7 24. Bd2 Qf8 25. h4 Qe7 26. b5 Qf8 27. Bh3 Qe7 28. Qc2 Qf8
29. Kg2 Kg8 30. Be3 Rf6 31. Nc3 fxe4 32. dxe4 Bxh3+ 33. Kxh3 exf4 34. Nd5 Rff7
35. Nxf4 Qe7 36. Kg2 g5 37. Nd5 Qe5 38. Rf5 Rxf5 39. Rxf5 Qa1 40. hxg5 hxg5 41.
Bxg5 Ne6 42. Bf6 Nd4 43. Qf2 Qd1 44. Rg5 Rf7 45. Rxg7+ Rxg7 46. Bxg7 Kxg7 47.
Qf6+ Kh7 48. Qe7+ Kh8 49. Qf8+ Kh7 50. Qe7+ Kh8 51. Qh4+ Kg7 52. Qg5+ Kh8 53.
Qf6+ Kh7 54. Qf2 Qd3 55. Nf6+ Kh8 56. Kh3 Qxc4 57. Nd5 Qxb5 58. Qf6+ Kh7 59.
Qf7+ Kh8 60. Ne7 Qd7+ 61. Kg2 1-0

[Event "20. Abierto de la Constitucion 2018"]
[Site "S. S. de los Reyes ESP"]
[Date "2018.12.07"]
[Round "7.9"]
[White "Lin, Yingrui"]
[Black "Rodrigo Yanguas, Maria"]
[Result "1-0"]
[WhiteElo "2017"]
[BlackElo "2053"]
[PlyCount "69"]
[EventDate "2018.12.01"]
[EventType "swiss"]
[EventRounds "9"]
[EventCountry "ESP"]
[SourceTitle "Ajedrez en Madrid"]
[Source "lmi"]
[SourceDate "2018.12.01"]

1. e4 c5 2. Nf3 d6 3. d4 cxd4 4. Qxd4 Nc6 5. Bb5 Bd7 6. Bxc6 bxc6 7. Nc3 e5 8.
Qc4 Be7 9. b3 Nf6 10. Qd3 O-O 11. O-O Nh5 12. Ne2 f5 13. Qc4+ Kh8 14. Ng3 Nxg3
15. hxg3 fxe4 16. Qxe4 d5 17. Qe3 e4 18. Ne5 Bf6 19. Bb2 Qc7 20. f4 exf3 21.
Rxf3 Rae8 22. Raf1 c5 23. Qf4 Kg8 24. g4 d4 25. Nxd7 Qxd7 26. Ba3 Qe7 27. g5
Bxg5 28. Qxf8+ Rxf8 29. Rxf8+ Qxf8 30. Rxf8+ Kxf8 31. Bxc5+ Kf7 32. Bxa7 Be3+
33. Kf1 Ke6 34. c3 Kd5 35. Bxd4 1-0

[Event "20. Abierto de la Constitucion 2018"]
[Site "S. S. de los Reyes ESP"]
[Date "2018.12.07"]
[Round "7.10"]
[White "Chidichimo, Pedro Jose Maria"]
[Black "Lorenzo Bailador, Alfredo"]
[Result "0-1"]
[WhiteElo "1772"]
[BlackElo "2044"]
[PlyCount "106"]
[EventDate "2018.12.01"]
[EventType "swiss"]
[EventRounds "9"]
[EventCountry "ESP"]
[SourceTitle "Ajedrez en Madrid"]
[Source "lmi"]
[SourceDate "2018.12.01"]

1. d4 d5 2. Nf3 Bf5 3. e3 e6 4. c4 c6 5. Qb3 Qb6 6. Nc3 Nd7 7. c5 Qxb3 8. axb3
a6 9. Be2 Be7 10. O-O h6 11. Bd2 Ngf6 12. Na2 O-O 13. Nc1 Rfe8 14. Nd3 Ne4 15.
Ba5 Bd8 16. Bxd8 Raxd8 17. Rfd1 Bg4 18. h3 Bxf3 19. gxf3 Nef6 20. f4 Nh7 21.
Kh2 f6 22. Bg4 Nhf8 23. Ra4 e5 24. Rb4 exd4 25. Rxd4 g6 26. Rg1 Kg7 27. Bh5 Kf7
28. Bg4 f5 29. Bf3 Ne6 30. Rb4 Rb8 31. Rc1 Kf6 32. Ra4 Re7 33. h4 Rh8 34. b4 g5
35. Kg3 Rg7 36. fxg5+ hxg5 37. h5 g4 38. Bg2 Rxh5 39. Raa1 Ne5 40. Nxe5 Kxe5
41. Rh1 Rgh7 42. Rxh5 Rxh5 43. Rh1 Rxh1 44. Bxh1 a5 45. bxa5 Nxc5 46. f3 gxf3
47. Bxf3 Nb3 48. a6 bxa6 49. Bd1 Nd2 50. b3 a5 51. Bc2 Ne4+ 52. Kf3 c5 53. Bd3
Nd2+ 0-1

[Event "20. Abierto de la Constitucion 2018"]
[Site "S. S. de los Reyes ESP"]
[Date "2018.12.07"]
[Round "7.11"]
[White "Cabanas Bravo, Juan Andres"]
[Black "Perez Cameselle, Francisco"]
[Result "1-0"]
[WhiteElo "1963"]
[BlackElo "1783"]
[PlyCount "65"]
[EventDate "2018.12.01"]
[EventType "swiss"]
[EventRounds "9"]
[EventCountry "ESP"]
[SourceTitle "Ajedrez en Madrid"]
[Source "lmi"]
[SourceDate "2018.12.01"]

1. e4 c5 2. Nf3 Nc6 3. d4 cxd4 4. Nxd4 g6 5. Nc3 Bg7 6. Be3 Nf6 7. Bc4 d6 8. f3
Qb6 9. Nf5 Qxb2 10. Nxg7+ Kf8 11. Nd5 Nxd5 12. Qxd5 e6 13. Qxd6+ Kxg7 14. O-O
Qc3 15. Qf4 Qxc4 16. Qh6+ Kg8 17. Rad1 Qc3 18. Bg5 Qc5+ 19. Rf2 Qf8 20. Qxf8+
Kxf8 21. Bf6 Rg8 22. Rfd2 Bd7 23. Rxd7 g5 24. Rxb7 Rg6 25. e5 a5 26. a3 g4 27.
f4 g3 28. h3 Rc8 29. Rd6 Ke8 30. Rbd7 Rxf6 31. exf6 Nb8 32. Re7+ Kf8 33. Rc7
1-0

[Event "20. Abierto de la Constitucion 2018"]
[Site "S. S. de los Reyes ESP"]
[Date "2018.12.07"]
[Round "7.12"]
[White "Garcia Minguez, Antonio"]
[Black "Bello Burguet, Glenier Lazaro"]
[Result "0-1"]
[WhiteElo "1499"]
[BlackElo "1947"]
[PlyCount "20"]
[EventDate "2018.12.01"]
[EventType "swiss"]
[EventRounds "9"]
[EventCountry "ESP"]
[SourceTitle "Ajedrez en Madrid"]
[Source "lmi"]
[SourceDate "2018.12.01"]

1. d4 Nf6 2. Nf3 d5 3. e3 c5 4. c4 cxd4 5. Nxd4 Nc6 6. Nc3 e5 7. Nxc6 bxc6 8.
Qb3 d4 9. Na4 c5 10. Nxc5 Qa5+ 0-1

[Event "20. Abierto de la Constitucion 2018"]
[Site "S. S. de los Reyes ESP"]
[Date "2018.12.07"]
[Round "7.13"]
[White "Vukotic Jovsic, Dragan"]
[Black "Vazquez Gonzalez, Jesus"]
[Result "1-0"]
[WhiteElo "1935"]
[BlackElo "1923"]
[PlyCount "47"]
[EventDate "2018.12.01"]
[EventType "swiss"]
[EventRounds "9"]
[EventCountry "ESP"]
[SourceTitle "Ajedrez en Madrid"]
[Source "lmi"]
[SourceDate "2018.12.01"]

1. d4 c5 2. c3 Nf6 3. Nf3 e6 4. Bf4 Qb6 5. Qb3 Qxb3 6. axb3 Nc6 7. e3 Nh5 8.
Bc7 cxd4 9. Nxd4 Nxd4 10. exd4 Nf6 11. Na3 Nd5 12. Nb5 a6 13. Bc4 Nf6 14. d5
exd5 15. O-O Bc5 16. Rfe1+ Kf8 17. b4 Be7 18. Bb3 g6 19. Rxe7 axb5 20. Rxf7+
Kxf7 21. Rxa8 Re8 22. f4 Re2 23. Be5 Rxb2 24. Bxf6 1-0

[Event "20. Abierto de la Constitucion 2018"]
[Site "S. S. de los Reyes ESP"]
[Date "2018.12.07"]
[Round "7.14"]
[White "Lopez de Turiso, Jose Angel"]
[Black "Camarero Izquierdo, Juan Carlos"]
[Result "0-1"]
[WhiteElo "1913"]
[BlackElo "1922"]
[PlyCount "80"]
[EventDate "2018.12.01"]
[EventType "swiss"]
[EventRounds "9"]
[EventCountry "ESP"]
[SourceTitle "Ajedrez en Madrid"]
[Source "lmi"]
[SourceDate "2018.12.01"]

1. e4 c5 2. Nc3 e6 3. Nge2 d6 4. g3 Nc6 5. Bg2 a6 6. d3 Nf6 7. O-O Qc7 8. h3 b5
9. a3 Bb7 10. Be3 Rc8 11. Qd2 Be7 12. f4 O-O 13. g4 Rfd8 14. g5 Ne8 15. h4 b4
16. axb4 Nxb4 17. f5 exf5 18. Rxf5 g6 19. Rf2 d5 20. Nxd5 Nxd5 21. exd5 Bxd5
22. Bxd5 Rxd5 23. Raf1 Qd7 24. Nf4 Rf5 25. Ng2 Ng7 26. b3 Rxf2 27. Qxf2 Nf5 28.
Qf3 Bd6 29. Qh3 Re8 30. Bf4 Bxf4 31. Nxf4 Qd4+ 32. Kh1 Re3 33. Rf3 Qxf4 34.
Rxe3 Qxe3 35. Qg2 Qe1+ 36. Kh2 Qxh4+ 37. Kg1 Qg3 38. Qxg3 Nxg3 39. Kf2 Nf5 40.
c3 f6 0-1

[Event "20. Abierto de la Constitucion 2018"]
[Site "S. S. de los Reyes ESP"]
[Date "2018.12.07"]
[Round "7.15"]
[White "Lopez Orellana, Federico"]
[Black "Marcos Herrero, Francisco"]
[Result "1-0"]
[WhiteElo "1683"]
[BlackElo "1889"]
[PlyCount "61"]
[EventDate "2018.12.01"]
[EventType "swiss"]
[EventRounds "9"]
[EventCountry "ESP"]
[SourceTitle "Ajedrez en Madrid"]
[Source "lmi"]
[SourceDate "2018.12.01"]

1. d4 Nf6 2. Bg5 d5 3. e3 Nbd7 4. Nd2 h6 5. Bh4 g5 6. Bg3 Ne4 7. Nxe4 dxe4 8.
Bc4 Nf6 9. c3 Bg7 10. h4 c6 11. Be5 Qb6 12. Bb3 Bf5 13. Ne2 Bg4 14. Qc2 a5 15.
a4 e6 16. Bc4 gxh4 17. Rxh4 h5 18. O-O-O O-O-O 19. Rdh1 Rdg8 20. Ng3 Ne8 21.
Bxg7 Nxg7 22. Qxe4 Nf5 23. Nxf5 Bxf5 24. Qf3 c5 25. g3 Bg4 26. Qf6 cxd4 27.
Rxg4 Qc6 28. Rxg8+ Rxg8 29. Rxh5 Qxc4 30. exd4 Qxa4 31. Rc5+ 1-0

[Event "20. Abierto de la Constitucion 2018"]
[Site "S. S. de los Reyes ESP"]
[Date "2018.12.07"]
[Round "7.16"]
[White "Anton Quevedo, Andrea"]
[Black "Perdiguero Herreros, Alejandro"]
[Result "1-0"]
[WhiteElo "1876"]
[BlackElo "1635"]
[PlyCount "43"]
[EventDate "2018.12.01"]
[EventType "swiss"]
[EventRounds "9"]
[EventCountry "ESP"]
[SourceTitle "Ajedrez en Madrid"]
[Source "lmi"]
[SourceDate "2018.12.01"]

1. e4 e5 2. Nf3 Nc6 3. Bc4 Bc5 4. b4 Bxb4 5. c3 Ba5 6. d4 exd4 7. O-O Nf6 8.
Ba3 d6 9. e5 dxe5 10. Qb3 Qd7 11. Ng5 Nd8 12. Re1 e4 13. Nxe4 Nxe4 14. Rxe4+
Ne6 15. cxd4 c6 16. Nc3 Bxc3 17. Qxc3 b5 18. d5 bxc4 19. Qxg7 Qxd5 20. Qxh8+
Kd7 21. Ree1 Nf4 22. Re7# 1-0

[Event "20. Abierto de la Constitucion 2018"]
[Site "S. S. de los Reyes ESP"]
[Date "2018.12.07"]
[Round "7.17"]
[White "Minguela Munoz, Bienvenido"]
[Black "Savchuk, Olga"]
[Result "1-0"]
[WhiteElo "1792"]
[BlackElo "1612"]
[PlyCount "99"]
[EventDate "2018.12.01"]
[EventType "swiss"]
[EventRounds "9"]
[EventCountry "ESP"]
[SourceTitle "Ajedrez en Madrid"]
[Source "lmi"]
[SourceDate "2018.12.01"]

1. Nf3 d5 2. d4 Nf6 3. c4 c5 4. cxd5 cxd4 5. Qxd4 Qxd5 6. Nc3 Qxd4 7. Nxd4 a6
8. Bf4 Nbd7 9. Bc7 e5 10. Nf5 Nc5 11. Ng3 e4 12. e3 Be6 13. Bb6 Nd3+ 14. Bxd3
exd3 15. O-O Nd7 16. Bd4 f6 17. Rfd1 Nc5 18. Bxc5 Bxc5 19. Rxd3 Bc4 20. Rd2 O-O
21. Rad1 b5 22. Nge4 Bb6 23. b4 a5 24. Nd5 Bd8 25. Nc5 Re8 26. Nb7 Kh8 27. Nd6
Rf8 28. Nxc4 bxc4 29. b5 a4 30. Rb1 Ba5 31. Rc2 Rfd8 32. e4 f5 33. f3 Rac8 34.
b6 Rb8 35. Rb5 Be1 36. Rxc4 a3 37. Kf1 Bh4 38. g3 Bg5 39. f4 Bh6 40. e5 g5 41.
Ke2 gxf4 42. gxf4 Rg8 43. Kf3 Rg1 44. b7 Rgg8 45. Ne7 Rgf8 46. Rc8 Kg7 47. Rxb8
Rxb8 48. Nxf5+ Kg6 49. Nxh6 Kxh6 50. Ke4 1-0

[Event "20. Abierto de la Constitucion 2018"]
[Site "S. S. de los Reyes ESP"]
[Date "2018.12.07"]
[Round "7.18"]
[White "Rodriguez Garcia, Alberto"]
[Black "Martinez Miura, Enrique"]
[Result "1-0"]
[WhiteElo "1781"]
[BlackElo "1627"]
[PlyCount "23"]
[EventDate "2018.12.01"]
[EventType "swiss"]
[EventRounds "9"]
[EventCountry "ESP"]
[SourceTitle "Ajedrez en Madrid"]
[Source "lmi"]
[SourceDate "2018.12.01"]

1. e4 e6 2. d4 d5 3. Nd2 dxe4 4. Nxe4 Nd7 5. Nf3 Be7 6. Bd3 Ngf6 7. Qe2 Nxe4 8.
Bxe4 O-O 9. Bd3 Nf6 10. Bg5 b6 11. Bxf6 Bxf6 12. Qe4 1-0

[Event "20. Abierto de la Constitucion 2018"]
[Site "S. S. de los Reyes ESP"]
[Date "2018.12.07"]
[Round "7.19"]
[White "Alonso Garuti, Luis E"]
[Black "Llamas Martinez, Pablo"]
[Result "1/2-1/2"]
[WhiteElo "1774"]
[BlackElo "1479"]
[PlyCount "31"]
[EventDate "2018.12.01"]
[EventType "swiss"]
[EventRounds "9"]
[EventCountry "ESP"]
[SourceTitle "Ajedrez en Madrid"]
[Source "lmi"]
[SourceDate "2018.12.01"]

1. e4 c5 2. Nf3 Nc6 3. d4 cxd4 4. c3 dxc3 5. Bc4 cxb2 6. Bxb2 e6 7. O-O Nf6 8.
Qe2 d6 9. Rd1 Bd7 10. Nc3 a6 11. Rac1 Be7 12. e5 dxe5 13. Ne4 Nxe4 14. Qxe4 Bf6
15. Ba3 Be7 16. Bb2 1/2-1/2

[Event "20. Abierto de la Constitucion 2018"]
[Site "S. S. de los Reyes ESP"]
[Date "2018.12.07"]
[Round "7.20"]
[White "Alfaya Martinez, Enrique"]
[Black "Rodriguez Bernal, Herman"]
[Result "1/2-1/2"]
[WhiteElo "1594"]
[BlackElo "1745"]
[PlyCount "38"]
[EventDate "2018.12.01"]
[EventType "swiss"]
[EventRounds "9"]
[EventCountry "ESP"]
[SourceTitle "Ajedrez en Madrid"]
[Source "lmi"]
[SourceDate "2018.12.01"]

1. d4 Nf6 2. Bf4 d6 3. e3 g6 4. Nf3 Bg7 5. h3 c5 6. c3 O-O 7. Be2 Bf5 8. O-O
Qb6 9. Nh4 Qxb2 10. Nxf5 Qxa1 11. Nxe7+ Kh8 12. Qc2 Ne4 13. f3 cxd4 14. exd4
Bxd4+ 15. cxd4 Qxd4+ 16. Kh2 Nf6 17. Bg3 Nbd7 18. Rd1 Qe3 19. Rxd6 Qxe7 1/2-1/2

[Event "20. Abierto de la Constitucion 2018"]
[Site "S. S. de los Reyes ESP"]
[Date "2018.12.07"]
[Round "7.21"]
[White "Llamas Aliste, Alberto"]
[Black "Rubio Gonzalez, Beltran"]
[Result "1/2-1/2"]
[WhiteElo "1703"]
[BlackElo "1510"]
[PlyCount "74"]
[EventDate "2018.12.01"]
[EventType "swiss"]
[EventRounds "9"]
[EventCountry "ESP"]
[SourceTitle "Ajedrez en Madrid"]
[Source "lmi"]
[SourceDate "2018.12.01"]

1. e4 e6 2. d4 d5 3. e5 c5 4. c3 Nc6 5. Nf3 Qb6 6. a3 Nh6 7. Bd3 cxd4 8. cxd4
Bd7 9. Bc2 Nf5 10. Bxf5 exf5 11. Nc3 Be6 12. O-O Be7 13. b4 a6 14. Be3 O-O 15.
Qd2 Rac8 16. Rfc1 Qd8 17. Ra2 b6 18. Rac2 Qd7 19. Qe2 Qb7 20. Qd3 Rfd8 21. Bg5
Kf8 22. Bxe7+ Kxe7 23. b5 Nb8 24. a4 a5 25. Ne2 Rxc2 26. Rxc2 Rc8 27. h4 Rxc2
28. Qxc2 Qc8 29. Qd1 Qc4 30. Nf4 Nd7 31. h5 h6 32. Ne2 g5 33. Nd2 Qc8 34. Qb3
f6 35. Qa3+ Kf7 36. f4 Qc7 37. Qd3 Nf8 1/2-1/2

[Event "20. Abierto de la Constitucion 2018"]
[Site "S. S. de los Reyes ESP"]
[Date "2018.12.07"]
[Round "7.22"]
[White "Hidalgo Prado, David"]
[Black "Palomares Cortez, Facundo Sebast"]
[Result "1/2-1/2"]
[WhiteElo "1588"]
[BlackElo "1684"]
[PlyCount "77"]
[EventDate "2018.12.01"]
[EventType "swiss"]
[EventRounds "9"]
[EventCountry "ESP"]
[SourceTitle "Ajedrez en Madrid"]
[Source "lmi"]
[SourceDate "2018.12.01"]

1. e4 c5 2. c3 d5 3. exd5 Qxd5 4. d4 Nc6 5. Nf3 Nf6 6. Be2 Bf5 7. O-O e6 8. Bf4
cxd4 9. cxd4 Bxb1 10. Qxb1 Bd6 11. Bxd6 Qxd6 12. Bb5 a6 13. Bxc6+ Qxc6 14. Qc1
Qxc1 15. Rfxc1 Nd5 16. a3 f6 17. Rc2 Kd7 18. g3 Rac8 19. Rac1 g5 20. Rxc8 Rxc8
21. Rxc8 Kxc8 22. Kf1 Kd7 23. Ke2 Kc6 24. Kd3 Nb6 25. Nd2 Kd5 26. b3 Nd7 27.
Nc4 b5 28. Ne3+ Kd6 29. Ng4 h5 30. Ne3 f5 31. f3 Nf6 32. a4 Nd5 33. Nxd5 exd5
34. axb5 axb5 35. f4 g4 36. b4 Ke6 37. Ke3 h4 38. Kf2 hxg3+ 39. hxg3 1/2-1/2

[Event "20. Abierto de la Constitucion 2018"]
[Site "S. S. de los Reyes ESP"]
[Date "2018.12.07"]
[Round "7.23"]
[White "Munoz Gonzalez, Martin"]
[Black "Diez Cuarental, Luis"]
[Result "1-0"]
[WhiteElo "1414"]
[BlackElo "1233"]
[PlyCount "63"]
[EventDate "2018.12.01"]
[EventType "swiss"]
[EventRounds "9"]
[EventCountry "ESP"]
[SourceTitle "Ajedrez en Madrid"]
[Source "lmi"]
[SourceDate "2018.12.01"]

1. e4 e5 2. Nf3 Nc6 3. c3 Nf6 4. d4 exd4 5. e5 Nd5 6. cxd4 Bb4+ 7. Bd2 Bxd2+ 8.
Qxd2 O-O 9. Bc4 Nb6 10. Bb3 d6 11. O-O Bg4 12. d5 Nxe5 13. Nxe5 dxe5 14. Re1
Re8 15. Nc3 Qd7 16. Ne4 Rad8 17. Nc5 Qc8 18. Qg5 Nxd5 19. Nxb7 Qxb7 20. Qxg4 f6
21. Rad1 c6 22. Qe4 Kh8 23. Rd3 Nc7 24. Rh3 g6 25. Qxg6 Rd7 26. Qxf6+ Rg7 27.
Bc2 e4 28. Rxe4 Kg8 29. Bb3+ Kh8 30. Rxe8+ Nxe8 31. Qf8+ Rg8 32. Qxg8# 1-0

[Event "20. Abierto de la Constitucion 2018"]
[Site "S. S. de los Reyes ESP"]
[Date "2018.12.07"]
[Round "7.25"]
[White "Montiel Miguelez, Manuel"]
[Black "Gonzalez Morente, Jose A"]
[Result "1-0"]
[WhiteElo "1814"]
[BlackElo "1449"]
[PlyCount "53"]
[EventDate "2018.12.01"]
[EventType "swiss"]
[EventRounds "9"]
[EventCountry "ESP"]
[SourceTitle "Ajedrez en Madrid"]
[Source "lmi"]
[SourceDate "2018.12.01"]

1. e4 e5 2. Nf3 Nf6 3. Nxe5 d6 4. Nf3 Nxe4 5. d4 d5 6. Bd3 Bd6 7. c4 c6 8. Nc3
Nxc3 9. bxc3 Qe7+ 10. Be3 Bf4 11. O-O Bxe3 12. Re1 O-O 13. Rxe3 Qd6 14. Qc2 h6
15. c5 Qc7 16. Rae1 Be6 17. Qe2 Nd7 18. Ne5 Nxe5 19. Rxe5 Qd7 20. Bc2 Rfe8 21.
Qd3 f5 22. g4 g6 23. Qh3 fxg4 24. Qxh6 Bf7 25. Bxg6 Bxg6 26. Qxg6+ Qg7 27.
Rxe8+ 1-0

[Event "20. Abierto de la Constitucion 2018"]
[Site "S. S. de los Reyes ESP"]
[Date "2018.12.07"]
[Round "7.26"]
[White "Enriquez Pastor, Jorge"]
[Black "Haering Hijon, Javier"]
[Result "1/2-1/2"]
[WhiteElo "1465"]
[BlackElo "1555"]
[PlyCount "130"]
[EventDate "2018.12.01"]
[EventType "swiss"]
[EventRounds "9"]
[EventCountry "ESP"]
[SourceTitle "Ajedrez en Madrid"]
[Source "lmi"]
[SourceDate "2018.12.01"]

1. e4 e5 2. Nf3 Nc6 3. Bb5 a6 4. Ba4 Nf6 5. O-O Be7 6. Re1 b5 7. Bb3 O-O 8. c3
d6 9. h3 h6 10. d4 Bd7 11. d5 Na5 12. Bc2 c6 13. dxc6 Bxc6 14. Nbd2 Bb7 15. Nf1
Kh7 16. Ng3 g6 17. Qd2 Ng8 18. b3 Re8 19. Bd3 Rc8 20. Bb2 Nf6 21. Rac1 Qb6 22.
c4 bxc4 23. bxc4 Nd7 24. Ba3 Nc5 25. Rb1 Qc7 26. Bc1 Nxd3 27. Qxd3 Nxc4 28. Qb3
Rb8 29. Qc2 Rec8 30. Nd2 Nxd2 31. Qxd2 Bg5 32. Qd1 Bxc1 33. Rxc1 Qxc1 34. Qxc1
Rxc1 35. Rxc1 Rc8 36. Rb1 Rc7 37. f3 Bc8 38. Rb6 Rc1+ 39. Kh2 Ra1 40. Rc6 Be6
41. Rxa6 Rxa2 42. Rxd6 Bc4 43. Rb6 h5 44. h4 Kg7 45. Rc6 Be6 46. Rc5 Kf6 47.
Nf1 Re2 48. Ng3 Rf2 49. Kg1 Ra2 50. Kh2 Ke7 51. Nf1 Kd6 52. Rc1 Re2 53. Rd1+
Ke7 54. Rd2 Re1 55. Ng3 Ra1 56. Ne2 f5 57. Nc3 Rc1 58. exf5 Bxf5 59. Nd5+ Ke6
60. Ne3 e4 61. g4 hxg4 62. fxg4 Bxg4 63. Nxg4 Kf5 64. Ne3+ Kf4 65. Nd5+ Kg4
1/2-1/2

[Event "20. Abierto de la Constitucion 2018"]
[Site "S. S. de los Reyes ESP"]
[Date "2018.12.07"]
[Round "7.27"]
[White "Rial Rodriguez, Marta"]
[Black "Lozano Hernanz, Rodrigo"]
[Result "1-0"]
[WhiteElo "1503"]
[BlackElo "1318"]
[PlyCount "61"]
[EventDate "2018.12.01"]
[EventType "swiss"]
[EventRounds "9"]
[EventCountry "ESP"]
[SourceTitle "Ajedrez en Madrid"]
[Source "lmi"]
[SourceDate "2018.12.01"]

1. e4 e5 2. Nf3 Nc6 3. d4 exd4 4. Nxd4 Bc5 5. Be3 Bb6 6. Bc4 Nf6 7. Nc3 d6 8.
h3 Qe7 9. f3 Nh5 10. Qd2 Nxd4 11. Bxd4 Bxd4 12. Qxd4 Qg5 13. g4 Ng3 14. Rh2 h5
15. Qg1 h4 16. Ne2 Nxe2 17. Rxe2 Qe5 18. O-O-O Qf4+ 19. Re3 Qg3 20. Qxg3 hxg3
21. Bf1 Rh6 22. f4 Re6 23. Bg2 Rf6 24. f5 g6 25. Rxg3 g5 26. Re1 Kd8 27. Rd3
Bd7 28. e5 dxe5 29. Bxb7 Rb8 30. Bd5 Kc8 31. Rxe5 1-0